| 000 | 00723nam a2200277Ia 4500 | ||
|---|---|---|---|
| 008 | 170203s9999 xx 000 0 und d | ||
| 020 | _a0-73296248x | ||
| 050 | _aFic | ||
| 050 | _bC689s | ||
| 100 | _aCole, Sally. | ||
| 245 | _aMake a shake and a bakeless cake / | ||
| 245 | _cwritten by Sally Cole. | ||
| 260 | _aSouth Yarra : | ||
| 260 | _bMacmillan Education, | ||
| 260 | _c©2000. | ||
| 300 | _a16 pages : | ||
| 300 | _bcolor illustrations ; | ||
| 300 | _c21 cm. | ||
| 440 | _aFoundations., Take two books. | ||
| 650 | _aCake -- | ||
| 650 | _aCooking -- | ||
| 650 | _aMilkshakes -- | ||
| 650 | _xJuvenile literature. | ||
| 650 | _xJuvenile literature. | ||
| 650 | _xJuvenile literature. | ||
| 999 |
_c306585 _d306585 |
||